00669nam a22001937a 450000500170000001000120001702000260002903700130005508200160006810000310008424500710011525000060018626000490019227001190024130000250036050000410038594200300042699900190045620250127123850.0 aBACEN25 a9789355017352c650.00 bS. Chand a170.4422nd aUpadhyay, Ranvijay 977125 aEthics Integrity And Aptitude in Governance/cBy Ranvijay Upadhyay a2 aNew DelhibS Chand and Company Limitedc2023 a A-27, 2nd Floor, Mohan Co-operative Industrial EstatebNew Delhie110044minfo@schandpublishing.comk011-49731800 axxii,589p.c23cm(pb) a For UPSC Civil Services Examination 2ddccENh170.44mUPAe2nd c208730d208730